පෙරළු නැවුම් පස (Record no. 11564)
[ view plain ]
| 000 -LEADER | |
|---|---|
| fixed length control field | 00485nam a2200181Ia 4500 |
| 008 - FIXED-LENGTH DATA ELEMENTS--GENERAL INFORMATION | |
| fixed length control field | 180921t2015 xxu||||| |||| 00| 0 sin d |
| 041 ## - LANGUAGE CODE | |
| Language code of text/sound track or separate title | Sinhala; Sinhalese |
| 080 ## - UNIVERSAL DECIMAL CLASSIFICATION NUMBER | |
| Universal Decimal Classification number | 8-31 |
| Item number | (Russian) SHO |
| 942 ## - ADDED ENTRY ELEMENTS (KOHA) | |
| Koha item type | Books |
| 003 - CONTROL NUMBER IDENTIFIER | |
| control field | LK-CoDNM |
| 040 ## - CATALOGING SOURCE | |
| Original cataloging agency | LK-CoDNM |
| Modifying agency | LK-CoDNM |
| Description conventions | LK-CoDNM |
| 100 ## - MAIN ENTRY--PERSONAL NAME | |
| Personal name | Sholahov, Mihail |
| 700 ## - ADDED ENTRY--PERSONAL NAME | |
| Personal name | Siril C.Perera |
| Relator term | translater |
| 245 ## - TITLE STATEMENT | |
| Title | පෙරළු නැවුම් පස |
| 246 ## - VARYING FORM OF TITLE | |
| Title proper/short title | Perelu Naum Pasa |
| 260 ## - PUBLICATION, DISTRIBUTION, ETC. (IMPRINT) | |
| Name of publisher, distributor, etc. | Kurulu poth |
| Place of publication, distribution, etc. | Rajagiriya |
| Date of publication, distribution, etc. | 2015 |
| 300 ## - PHYSICAL DESCRIPTION | |
| Extent | 411p, 23cm |
| Withdrawn status | Lost status | Damaged status | Not for loan | Collection code | Permanent Location | Current Location | Date acquired | Full call number | Barcode | Koha item type |
|---|---|---|---|---|---|---|---|---|---|---|
| Translation | Library National Museum Colombo - Sri Lanka | Library National Museum Colombo - Sri Lanka | 2018-06-01 | 8-31 (Russian) SHO | 164490 | Books |


